Comprehensive Design of Steel Structures (Record no. 5829)
[ view plain ]
| 000 -LEADER | |
|---|---|
| fixed length control field | 00383nam a2200157Ia 4500 |
| 003 - CONTROL NUMBER IDENTIFIER | |
| control field | OSt |
| 008 - FIXED-LENGTH DATA ELEMENTS--GENERAL INFORMATION | |
| fixed length control field | 191201s2013 xx 000 0 und d |
| 082 ## - DEWEY DECIMAL CLASSIFICATION NUMBER | |
| Classification number | 624.1821 |
| Item number | PUC |
| 100 ## - MAIN ENTRY--PERSONAL NAME | |
| Personal name | PUNMIA, BC |
| 245 #0 - TITLE STATEMENT | |
| Title | Comprehensive Design of Steel Structures |
| 250 ## - EDITION STATEMENT | |
| Edition statement | Rep |
| 260 ## - PUBLICATION, DISTRIBUTION, ETC. (IMPRINT) | |
| Place of publication, distribution, etc | N. delhi |
| Name of publisher, distributor, etc | Laxmi Publications |
| Date of publication, distribution, etc | 2013 |
| 300 ## - PHYSICAL DESCRIPTION | |
| Extent | 1156 |
| 650 ## - SUBJECT ADDED ENTRY--TOPICAL TERM | |
| Topical term or geographic name as entry element | B.Tech(CE) |
| 942 ## - ADDED ENTRY ELEMENTS (KOHA) | |
| Source of classification or shelving scheme | Dewey Decimal Classification |
| Koha item type | Text Books |
| 942 ## - ADDED ENTRY ELEMENTS (KOHA) | |
| -- | 10 |
| Withdrawn status | Lost status | Source of classification or shelving scheme | Damaged status | Not for loan | Collection code | Home library | Current library | Date acquired | Source of acquisition | Cost, normal purchase price | Bill Number | Total Checkouts | Full call number | Acc. no. / Barcode | Date last seen | Date last borrowed | Actual Cost, discounted price | Bill Date | Koha item type | Checked out |
|---|---|---|---|---|---|---|---|---|---|---|---|---|---|---|---|---|---|---|---|---|
| Dewey Decimal Classification | B.Tech(CE) | PIET C-LIBRARY | PIET C-LIBRARY | 18/03/2014 | IBH, New Delhi | 775.00 | 22792 | 8 | 624.1821 PUD | 23583 | 12/06/2025 | 10/06/2025 | 558.00 | 08/03/2014 | Text Books | |||||
| Dewey Decimal Classification | B.Tech(CE) | PIET C-LIBRARY | PIET C-LIBRARY | 18/03/2014 | IBH, New Delhi | 775.00 | 22792 | 1 | 624.1821 PUC | 23584 | 20/01/2022 | 20/01/2022 | 558.00 | 08/03/2014 | Text Books | 19/07/2022 | ||||
| Dewey Decimal Classification | B.Tech(CE) | PIET C-LIBRARY | PIET C-LIBRARY | 18/03/2014 | IBH, New Delhi | 775.00 | 22792 | 2 | 624.1821 PUD | 23585 | 25/06/2022 | 15/06/2022 | 558.00 | 08/03/2014 | Text Books | |||||
| Dewey Decimal Classification | B.Tech(CE) | PIET C-LIBRARY | PIET C-LIBRARY | 18/03/2014 | IBH, New Delhi | 775.00 | 22792 | 5 | 624.1821 PUD | 23586 | 21/04/2026 | 04/04/2026 | 558.00 | 08/03/2014 | Text Books | |||||
| Dewey Decimal Classification | B.Tech(CE) | PIET C-LIBRARY | PIET C-LIBRARY | 18/03/2014 | IBH, New Delhi | 775.00 | 22792 | 1 | 624.1821 PUD | 23587 | 15/06/2022 | 01/06/2022 | 558.00 | 08/03/2014 | Text Books | |||||
| Dewey Decimal Classification | B.Tech(CE) | PIET C-LIBRARY | PIET C-LIBRARY | 18/03/2014 | IBH, New Delhi | 775.00 | 22792 | 624.1821 PUC | 23588 | 04/12/2019 | 558.00 | 08/03/2014 | Text Books | |||||||
| Dewey Decimal Classification | B.Tech(CE) | PIET C-LIBRARY | PIET C-LIBRARY | 18/03/2014 | IBH, New Delhi | 775.00 | 22792 | 624.1821 PUC | 23589 | 04/12/2019 | 558.00 | 08/03/2014 | Text Books | |||||||
| Dewey Decimal Classification | B.Tech(CE) | PIET C-LIBRARY | PIET C-LIBRARY | 18/03/2014 | IBH, New Delhi | 775.00 | 22792 | 8 | 624.1821 PUD | 23590 | 25/06/2024 | 22/06/2024 | 558.00 | 08/03/2014 | Text Books |